Normal view
MARC view
Entry Personal Name
001 - CONTROL NUMBER
- control field: 242207
003 - CONTROL NUMBER IDENTIFIER
- control field: OSt
005 - DATE AND TIME OF LATEST TRANSACTION
- control field: 20251014111108.0
008 - FIXED-LENGTH DATA ELEMENTS
- fixed length control field: 251014|| aca||aabn | a|a d
040 ## - CATALOGING SOURCE
- Original cataloging agency: OSt
- Transcribing agency: OSt
100 ## - HEADING--PERSONAL NAME
- Personal name: Bradley
670 ## - SOURCE DATA FOUND
- Source citation: Work cat.: (OSt)240545: Laurene Hoffmann...{et.al} 242200, Calculus Ed 11, 2013